000 01797cam a22002774a 4500
001 15600930
003 OSt
005 20160518144717.0
008 090127s2009 tnu b 001 0 eng
010 _a 2009003083
020 _a9780687341207 (pbk. : alk. paper)
040 _aDLC
_cDLC
_dDLC
050 0 0 _aBS2397
_b.D835 2009
082 0 0 _a230/.0415
_222
100 1 _aDunn, James D. G.,
_d1939-
_96903
245 1 0 _aNew Testament theology :
_ban introduction /
_cJames D.G. Dunn.
260 _aNashville, TN :
_bAbingdon Press,
_c2009.
300 _aix, 232 p. ;
_c23 cm.
490 0 _aLibrary of biblical theology ;
_v3
504 _aIncludes bibliographical references (p. 161-164) and index.
505 0 _aIntroduction -- What is New Testament theology? -- Which Bible? whose Bible? -- The question of the canon -- Theology or theologies -- Theology or theologizing -- Paul, the NT theologian par excellence -- The determining factors -- NT theology and the OT -- The revelation of Jesus Christ -- The experience of the spirit -- The central subject matter of a biblical theology of the NT -- The theology of God -- The inherited theology -- Making sense of Jesus (Christology) in relation to theo-logy -- The theology of salvation -- The inherited theology -- The NT theology of salvation -- The Church of God -- The inherited theology -- Israel redefined -- The ethical outworkings -- The inherited theology -- The law and the NT -- The main findings -- Theology as theologizing.
630 0 0 _aBible.
_pNew Testament
_xTheology.
_924014
906 _a7
_bcbc
_corignew
_d1
_eecip
_f20
_gy-gencatlg
942 _2lcc
_cBK
999 _c62548
_d62522